HTML y XHTML (Registro nro. 5364)
[ vista simple ]
| 000 -CABECERA | |
|---|---|
| campo de control de longitud fija | 00970aam a2200373 4500 |
| 005 - FECHA Y HORA DE ACTUALIZACIÓN | |
| campo de control | 20230613162020.0 |
| 008 - LONGITUD FIJA | |
| campo de control de longitud fija | 150512b2000 xxu||||| |||| 00| 0 spa d |
| 041 ## - IDIOMA | |
| Código de idioma del texto/pista de sonido o título separado | Español |
| 082 ## - CLASIFICACIÓN DECIMAL DEWEY | |
| Número de clasificación | 004.67 M985h |
| 100 ## - AUTOR PERSONAL | |
| Nombre de persona | Musciano, Chuck |
| 100 ## - AUTOR PERSONAL | |
| Nombre de persona | Kennedy, Bill |
| 245 ## - TÍTULO PROPIAMENTE DICHO | |
| Título | HTML y XHTML |
| 260 ## - PIE DE IMPRENTA | |
| Lugar de publicación, distribución, etc. | España |
| Nombre del editor, distribuidor, etc. | ANAYA |
| Fecha de publicación, distribución, etc. | 2000 |
| 300 ## - DESCRIPCIÓN FÍSICA | |
| Extensión | 781 páginas |
| 650 ## - Materia General | |
| Materia general | REDES |
| 650 ## - Materia General | |
| Materia general | HTML |
| 650 ## - Materia General | |
| Materia general | XHTML |
| 650 ## - Materia General | |
| Materia general | WORLD WIDE WEB |
| 650 ## - Materia General | |
| Materia general | INTERNET |
| 650 ## - Materia General | |
| Materia general | HIPERVÍNCULOS |
| 650 ## - Materia General | |
| Materia general | MULTIMEDIA |
| 650 ## - Materia General | |
| Materia general | URL |
| 650 ## - Materia General | |
| Materia general | ETIQUETAS |
| 650 ## - Materia General | |
| Materia general | ATRIBUTOS |
| 650 ## - Materia General | |
| Materia general | IMÁGENES |
| 650 ## - Materia General | |
| Materia general | ENLACES |
| 650 ## - Materia General | |
| Materia general | WEBS |
| 650 ## - Materia General | |
| Materia general | FORMATOS |
| 650 ## - Materia General | |
| Materia general | FORMULARIOS |
| 650 ## - Materia General | |
| Materia general | CORREO ELECTRÓNICO |
| 650 ## - Materia General | |
| Materia general | TABLAS |
| 650 ## - Materia General | |
| Materia general | PÁGINA DE NETSCAPE |
| 942 ## - Punto de Acceso Adicional Koha | |
| Tipo de ítem Koha | Libro |
| Estado perdido | Estado dañado | No para préstamo | Biblioteca permanente | Biblioteca actual | Signatura completa | Código de barras | Precio efectivo a partir del | Tipo de ítem |
|---|---|---|---|---|---|---|---|---|
| Departamento de Biblioteca y Documentación Alfonso Chase Brenes | Departamento de Biblioteca y Documentación Alfonso Chase Brenes | 004.67 M985h | 9348 | 07/02/2017 | Libro |